Curva pert-costo de proyectos de construcción considerando la modalidad usual de cancelación de costos
Guardado en:
| Hovedforfatter: | |
|---|---|
| Format: | Bog |
| Udgivet: |
[San José , Costa Rica]
1984
|
| Fag: | |
| Tags: |
Tilføj Tag
Ingen Tags, Vær først til at tagge denne postø!
|
MARC
| LEADER | 00000nam a2200000Ia 4500 | ||
|---|---|---|---|
| 003 | 002469 | ||
| 005 | 20221231144410.0 | ||
| 008 | 140114s1984 c a m 000 ||s d | ||
| 040 | |c cru CEDI | ||
| 090 | |a TFG 1505 | ||
| 100 | |a Umaña Herrera, Carlos Humberto |9 14888 | ||
| 245 | |a Curva pert-costo de proyectos de construcción considerando la modalidad usual de cancelación de costos | ||
| 260 | |c 1984 |a [San José , Costa Rica] | ||
| 300 | |a 90 hojas : ilustraciones (algunas plegables) ; 28 cm | ||
| 500 | |a Tesis (licenciatura en ingeniería civil)--Universidad de Costa Rica. Facultad de Ingeniería. Escuela de Ingeniería Civil | ||
| 650 | |x CONSTRUCCION - COSTOS |x PERT (ANALISIS DE REDES) |x INDUSTRIA DE LA CONSTRUCCION |9 14889 | ||
| 942 | |c TFG | ||
| 999 | |c 21297 |d 21297 | ||
